000 01196cam a2200325 i 4500
001 bg
003 BPK
005 20220127084706.0
008 970808s1994 pl f |100 0 pol
020 _a8390083892
040 _cBPK
041 0 _apol
_beng
080 _a681.5
080 _a62-52
080 _a005.7
080 _a(06)
111 2 _aKrajowa Konferencja Automatyki
_n12 ;
_d1994 ;
_cGdynia).
245 7 0 _aXII Krajowa Konferencja Automatyki, Gdynia, 6-8 września 1994 :
_bmateriały /
_cred. nauk. Józef Lisowski ; Polskie Stowarzyszenie Pomiarów, Automatyki i Robotyki "POLSPAR".
246 _a Krajowa Konferencja Automatyki, Gdynia, 6-8 września 1994,12
260 _aGdynia :
_bWSM,
_c1994.
300 _aXV, 736 s. :
_bfot., rys., wykr. ;
_c30 cm.
504 _aBibliogr. przy ref.
546 _aStreszcz. ang. przy ref.
650 4 _aAutomatyka
655 4 _aMateriały konferencyjne
710 2 _aWyższa Szkoła Morska (Gdynia)
700 1 _aLisowski, Józef
_d(1943- )
_eRedakcja
856 _uhttp://koha.tu.koszalin.pl/cgi-bin/koha/opac-detail.pl?biblionumber=30211
_yKatalog online BPK
942 _cKS
_2UKD
999 _c30211
_d30211